000 00909nam a2200241 i 4500
001 136441
003 ES-MaACL
005 20240516063048.0
007 t|
008 070214s1907 fr |||| | fre d
100 0 _aRuskin, John,
_d1819-1900
_9101026
245 1 4 _aLes pierres de Venise
_b: estudes locales pouvant servir de direction aux voyageurs séjournant áa Venise et áa Verone /
_cJohn Ruskin ; trad. par Mme. Mathilde P. Crémieux ; préf. de Robert de la Sizeranne.
250 _a3e éd.
260 _aParis :
_bH. Laurens,
_c1907.
300 _aXXVIII, 323 p., 23 lám. ;
_c25 cm.
650 4 _aArquitectura-
_zVenecia.
_9159953
651 4 _aVenecia-
_xDescripción.
_9159952
651 4 _aVerona-
_xDescripción.
_9172230
700 1 _aCrémieux, Mathilde P.
_941494
700 1 _aLa Sizeranne, Robert de.
_969181
852 _aES-MaACL
_jF-6738
999 _c136441
_d136441